"Byť Slovákom je záväzok."

Bibliographic Details
Main Authors: Kristinová, Eva, 1928-2020 (Author), Košťálová, Marcela, 1950- (Author)
Format: Article
Language:Slovak
Subjects:

MARC

LEADER 00000nab a2200000 a 4500
001 vtls000431763
003 SK-MaSNL
005 20260304044106.0
008 150205c1991 xo 0 slo
015 |a SNBRB19rr/mm-uuuuu 
035 |a CL0431891 
040 |a SNKBUCL  |b slo  |c SNKBUCL  |e AACR2 
041 0 |a slo 
044 |a xo  |c SK 
080 |a 323(043.76)  |2 1981 
080 |a 301.152  |2 1981 
080 |a 323.1  |2 1981 
100 1 |a Kristinová, Eva,  |d 1928-2020  |4 aut  |9 201231 
245 1 0 |a "Byť Slovákom je záväzok."  |c Eva Kristínová, Marcela Košťálová 
300 |b Fot. 2. 
650 0 7 |a vnútorná politika  |2 snkbucl  |9 970 
650 0 7 |a Slováci  |2 snkbucl  |9 22552 
650 0 7 |a povedomie národné  |2 snkbucl  |9 850759 
651 7 |a Slovensko  |2 snkbucl 
655 7 |a články z novín a časopisov  |2 snkbucl  |9 267496 
700 1 |a Košťálová, Marcela,  |d 1950-  |4 aut  |9 209538 
773 0 |t Život  |g Roč. 41, č. 36 (1991), s. 6-7 
850 |a Slovenská národná knižnica v Martine  |a MTA001 
852 |a SNK  |b KIS3GCP 
958 |a RK 
992 |a RBX 
999 |c 2683708  |d 2685638